Statistiques financieres internationales : Annuaire 2000.

Generalement publie en septembre, l'annuaire contient les donnees annuelles disponibles pour une periode 12 ans pour les pays figurant dans les editions mensuelles de Statistiques financieres internationales (IFS). Le service IFS constitue la premiere source de statistiques financieres internat...

Täydet tiedot

Bibliografiset tiedot
Yhteisötekijä: International Monetary Fund. Statistics Dept
Aineistotyyppi: Aikakauslehti
Kieli:English
Julkaistu: Washington, D.C. : International Monetary Fund, 2000.
Sarja:International Financial Statistics; International Financial Statistics ; No. 2000/013
Aiheet:
Linkit:Full text available on IMF
LEADER 01795cas a2200289 a 4500
001 AALejournalIMF012606
008 230101c9999 xx r poo 0 0eng d
020 |c 50.00 USD 
020 |z 9781557759290 
022 |a 0252-2977 
040 |a BD-DhAAL  |c BD-DhAAL 
110 2 |a International Monetary Fund.  |b Statistics Dept. 
240 1 0 |a Statistiques financieres internationales: Annuaire 2000.  |l French 
245 1 0 |a Statistiques financieres internationales :   |b Annuaire 2000. 
264 1 |a Washington, D.C. :  |b International Monetary Fund,  |c 2000. 
300 |a 1 online resource (1108 pages) 
490 1 |a International Financial Statistics 
500 |a <strong>Off-Campus Access:</strong> No User ID or Password Required 
500 |a <strong>On-Campus Access:</strong> No User ID or Password Required 
506 |a Electronic access restricted to authorized BRAC University faculty, staff and students 
520 3 |a Generalement publie en septembre, l'annuaire contient les donnees annuelles disponibles pour une periode 12 ans pour les pays figurant dans les editions mensuelles de Statistiques financieres internationales (IFS). Le service IFS constitue la premiere source de statistiques financieres internationales. L'annuaire inclut des series chronologiques supplementaires dans les tableaux pays et des tableaux supplementaires presentant des agregats regionaux et mondiaux. 
538 |a Mode of access: Internet 
650 7 |a General Financial Markets  |2 imf 
650 7 |a Investment Decisions  |2 imf 
650 7 |a Portfolio Choice  |2 imf 
830 0 |a International Financial Statistics; International Financial Statistics ;  |v No. 2000/013 
856 4 0 |z Full text available on IMF  |u http://elibrary.imf.org/view/books/041/03753-9781557759290-fr/03753-9781557759290-fr-book.xml  |z IMF e-Library